Trabalenguas, fábulas, grafitis y algo más (Registro nro. 9089)
[ vista simple ]
| 000 -Cabecera | |
|---|---|
| Campo de control de longitud fija | 00596nam a22002417a 4500 |
| 005 - Fecha y hora de la última transacción | |
| Campo de control | 20240626101902.0 |
| 008 - Elementos de longitud fija--Información general | |
| Campo de control de longitud fija | 170320b xxu||||| |||| 00| 0 spa d |
| 020 ## - International Standard Book Number | |
| Número Internacional Estándar del Libro (ISBN) | 9789968557467 |
| 041 ## - Idioma | |
| Código de idioma | Español |
| 082 ## - Clasificación Decimal Dewey | |
| Número de clasificación | 780.77 P226t |
| 100 ## - Entrada principal--Autor personal | |
| Nombre personal | Pardo Solórzano, Isidro |
| 9 (RLIN) | 41362 |
| 245 ## - Título propiamente dicho | |
| Título | Trabalenguas, fábulas, grafitis y algo más |
| 260 ## - Pie de imprenta | |
| Lugar de publicación, distribución, etc. | Costa Rica |
| 260 ## - Pie de imprenta | |
| Nombre del editor, distribuidor, etc. | Ediciones Didácticas Nexo |
| 260 ## - Pie de imprenta | |
| Fecha de publicación, distribución, etc. | 2014 |
| 300 ## - Descripción física | |
| Extensión | 90 páginas |
| 650 ## - Materia general | |
| Temática (materia general) | MÚSICA |
| 650 ## - Materia general | |
| Temática (materia general) | TRABALENGUAS |
| 650 ## - Materia general | |
| Temática (materia general) | PARTITURAS |
| 650 ## - Materia general | |
| Temática (materia general) | ENSEÑANZA |
| 942 ## - Punto de acceso adicional KOHA | |
| Tipo de ítem KOHA | Libro |
| Fuente del sistema de clasificación o colocación | Dewey Decimal Classification |
| Signatura completa | Código de barras | Programa Académico | Tipo de ítem |
|---|---|---|---|
| 780.77 P226t | 21738 | Dirección de Educación Comunitaria y Asistencia Técnica | Libro |